Library Banner

Mytology (Record no. 76577)

MARC details
000 -LEADER
fixed length control field 00352nam a22001457a 4500
005 - DATE AND TIME OF LATEST TRANSACTION
control field 20150921101811.0
008 - FIXED-LENGTH DATA ELEMENTS--GENERAL INFORMATION
fixed length control field 150921b xxu||||| |||| 00| 0 eng d
040 ## - CATALOGING SOURCE
Transcribing agency PK-LaUMT
082 ## - DEWEY DECIMAL CLASSIFICATION NUMBER
Classification number KHC 299.2
Item number JAM-M
100 ## - MAIN ENTRY--PERSONAL NAME
Personal name James Weighel
245 ## - TITLE STATEMENT
Title Mytology
Statement of responsibility, etc James Weighel
260 ## - PUBLICATION, DISTRIBUTION, ETC. (IMPRINT)
Place of publication, distribution, etc New York
Name of publisher, distributor, etc Cliffs notes
Date of publication, distribution, etc 1973
300 ## - PHYSICAL DESCRIPTION
Extent 210 p.
942 ## - ADDED ENTRY ELEMENTS (KOHA)
Koha item type Books
Holdings
Withdrawn status Lost status Damaged status Home library Current library Date acquired Full call number Barcode Date last seen Price effective from Koha item type
      UMT Main Campus UMT Main Campus 2015-09-21 KHC 299.2 JAM-M 68853 2015-09-21 2015-09-21 Books